[Event "Titled Tuesday intern op 02nd Apr Late"]
[Site "Chess.com INT"]
[Date "2024.04.02"]
[Round "3"]
[White "Bok, Benjamin"]
[Black "Prieto Aranguren, Alain"]
[Result "1-0"]
[WhiteElo "2620"]
[BlackElo "2184"]
[PlyCount "53"]
[EventDate "2024.04.02"]
[EventType "swiss (blitz)"]
[EventRounds "11"]
[EventCountry "USA"]
[SourceTitle "CB15_2024"]
[SourceDate "2024.04.10"]
[SourceVersion "1"]
[SourceVersionDate "2024.04.10"]
[SourceQuality "1"]

1. d4 d5 2. c4 e6 3. Nc3 Nf6 4. cxd5 exd5 5. Bg5 Be7 6. e3 0-0 7. Bd3 Re8 8. Nf3 c6 9. Qc2 Nbd7 10. h3 Nf8 11. 0-0 g6 12. Ne5 Ne6 13. f4 Nd7 14. Bh6 Bf8 15. Bxf8 Rxf8 16. Rae1 f6 17. Nxd7 Qxd7 18. f5 gxf5 19. Rxf5 Qg7 20. Rh5 Ng5 21. Kh1 f5 22. Rf1 Qg6 23. Rh4 Be6 24. Rhf4 Ne4 25. Bxe4 fxe4 26. Ne2 Kh8 27. Rxf8+ 1-0

[Event "Titled Tuesday intern op 02nd Apr Late"]
[Site "Chess.com INT"]
[Date "2024.04.02"]
[Round "2"]
[White "Prieto Aranguren, Alain"]
[Black "Gonzalez Castillo, Jose Javier"]
[Result "1-0"]
[WhiteElo "2184"]
[BlackElo "2164"]
[PlyCount "93"]
[EventDate "2024.04.02"]
[EventType "swiss (blitz)"]
[EventRounds "11"]
[EventCountry "USA"]
[SourceTitle "CB15_2024"]
[SourceDate "2024.04.10"]
[SourceVersion "1"]
[SourceVersionDate "2024.04.10"]
[SourceQuality "1"]

1. d4 g6 2. h4 Nf6 3. Nh3 d6 4. Nf4 e5 5. dxe5 dxe5 6. Qxd8+ Kxd8 7. Nd3 e4 8. Ne5 Be6 9. Bg5 Be7 10. Nc3 h6 11. 0-0-0+ Ke8 12. Bf4 c6 13. e3 Nd5 14. Nxd5 cxd5 15. Bb5+ Kf8 16. f3 Kg7 17. fxe4 dxe4 18. Bc4 Bxc4 19. Nxc4 Rc8 20. Be5+ f6 21. Bd6 Rxc4 22. Bxe7 Kf7 23. Ba3 Nc6 24. Rd7+ Ke6 25. Rhd1 Rc8 26. R1d6+ Kf5 27. b3 Rxc2+ 28. Kxc2 Ne5+ 29. Kd2 Nxd7 30. Rxd7 Kg4 31. Rd6 Kxh4 32. Rxf6 g5 33. Rxh6+ Kg3 34. Re6 Kxg2 35. Rxe4 Kf3 36. Re7 g4 37. Rf7+ Kg2 38. Rxb7 Rd8+ 39. Ke2 Rc8 40. Rxa7 Rc2+ 41. Kd3 Rxa2 42. Bc5 Rb2 43. b4 g3 44. e4 Kf1 45. e5 g2 46. e6 Rf2 47. Ra1# 1-0

[Event "Titled Tuesday intern op 02nd Apr Late"]
[Site "Chess.com INT"]
[Date "2024.04.02"]
[Round "9"]
[White "Prieto Aranguren, Alain"]
[Black "Guzman Lozano, Campo Elias"]
[Result "1-0"]
[WhiteElo "2184"]
[BlackElo "1902"]
[PlyCount "87"]
[EventDate "2024.04.02"]
[EventType "swiss (blitz)"]
[EventRounds "11"]
[EventCountry "USA"]
[SourceTitle "CB15_2024"]
[SourceDate "2024.04.10"]
[SourceVersion "1"]
[SourceVersionDate "2024.04.10"]
[SourceQuality "1"]

1. d4 d5 2. c4 e6 3. Nc3 a6 4. cxd5 exd5 5. Nf3 Be7 6. Bf4 Nf6 7. e3 Nbd7 8. Bd3 0-0 9. Qc2 c5 10. dxc5 Nxc5 11. Rd1 Nxd3+ 12. Qxd3 Bg4 13. h3 Bh5 14. Nxd5 Nxd5 15. Qxd5 Bb4+ 16. Ke2 Bxf3+ 17. Kxf3 Qf6 18. Qd4 Qc6+ 19. Kg3 Ba5 20. Kh2 Rad8 21. Qe5 Bb6 22. Rd6 Qc5 23. Rhd1 Qxe5 24. Bxe5 Rde8 25. Rxb6 Rxe5 26. Rd7 h5 27. Rdxb7 Rf5 28. f3 Re8 29. Rb8 Rxb8 30. Rxb8+ Kh7 31. Rb6 Ra5 32. a3 g5 33. h4 gxh4 34. Kh3 Kg7 35. Kxh4 f6 36. e4 Kg6 37. f4 Kg7 38. f5 Ra4 39. Rb4 Ra5 40. Kxh5 Rc5 41. Rb7+ Kg8 42. Kg6 Kf8 43. Kxf6 Ke8 44. e5 1-0

[Event "Titled Tuesday intern op 02nd Apr Early"]
[Site "Chess.com INT"]
[Date "2024.04.02"]
[Round "8"]
[White "Wilk, Igor"]
[Black "Prieto Aranguren, Alain"]
[Result "1/2-1/2"]
[WhiteElo "2153"]
[BlackElo "2184"]
[PlyCount "157"]
[EventDate "2024.04.02"]
[EventType "swiss (blitz)"]
[EventRounds "11"]
[EventCountry "USA"]
[SourceTitle "CB15_2024"]
[SourceDate "2024.04.10"]
[SourceVersion "1"]
[SourceVersionDate "2024.04.10"]
[SourceQuality "1"]

1. d4 Nf6 2. c4 g6 3. Nc3 Bg7 4. e4 0-0 5. Bd3 c5 6. Nge2 cxd4 7. Nxd4 Nc6 8. Nc2 Ne5 9. Be2 d6 10. 0-0 Be6 11. b3 Rc8 12. Bb2 a6 13. h3 Ned7 14. Nd4 Nc5 15. Bf3 Bd7 16. Re1 e5 17. Nc2 Qe7 18. Ne3 Bc6 19. b4 Ne6 20. Ncd5 Bxd5 21. exd5 Ng5 22. Rc1 Nxf3+ 23. Qxf3 Nh5 24. Nf1 f5 25. Qb3 Nf4 26. Kh2 e4 27. Bxg7 Qxg7 28. Red1 Nd3 29. Rc2 Qe5+ 30. Kg1 f4 31. Re2 Qd4 32. Nd2 Nxf2 33. Rxf2 e3 34. Re2 exd2+ 35. Kh2 f3 36. gxf3 Qf4+ 37. Kg2 Rce8 38. Rdxd2 Qg5+ 39. Kh2 Qf4+ 40. Kg2 Qg5+ 41. Kh2 Rxe2+ 42. Rxe2 h5 43. Qe3 Qf5 44. Qe6+ Qxe6 45. Rxe6 Rf4 46. Rxg6+ Kf7 47. Rxd6 Rxc4 48. Rb6 Ke7 49. Rxb7+ Kd6 50. Rb6+ Kxd5 51. Rxa6 Ke5 52. Kg3 h4+ 53. Kf2 Rxb4 54. Rg6 Rb2+ 55. Ke3 Rxa2 56. Rg5+ Kf6 57. Rg4 Ra3+ 58. Ke4 Ra4+ 59. Kd5 Ra3 60. Ke4 Ra4+ 61. Ke3 Ra3+ 62. Ke2 Ra2+ 63. Kf1 Ra3 64. Kf2 Ra2+ 65. Kg1 Ra3 66. Kg2 Ra2+ 67. Kh1 Ra3 68. Rf4+ Kg5 69. Rg4+ Kf5 70. Rxh4 Rxf3 71. Kg2 Ra3 72. Rh5+ Kg6 73. Re5 Kh6 74. Rf5 Rb3 75. h4 Ra3 76. Re5 Rb3 77. Rf5 Ra3 78. Re5 Rb3 79. Rf5 1/2-1/2

[Event "Titled Tuesday intern op 27th Feb Late"]
[Site "Chess.com INT"]
[Date "2024.02.27"]
[Round "3"]
[White "Bilan, Danila"]
[Black "Prieto Aranguren, Alain"]
[Result "1/2-1/2"]
[WhiteElo "2303"]
[BlackElo "2171"]
[PlyCount "150"]
[EventDate "2024.02.27"]
[EventType "swiss (blitz)"]
[EventRounds "11"]
[EventCountry "USA"]
[SourceTitle "CB10_2024"]
[SourceDate "2024.03.06"]
[SourceVersion "1"]
[SourceVersionDate "2024.03.06"]
[SourceQuality "1"]

1. d4 d5 2. Nf3 Nf6 3. c4 e6 4. g3 dxc4 5. Qa4+ Nbd7 6. Qxc4 a6 7. Bg2 b5 8. Qc2 c5 9. a4 Bb7 10. 0-0 cxd4 11. Nxd4 Bxg2 12. Kxg2 Bc5 13. Nb3 Rc8 14. Nxc5 Rxc5 15. Qb3 0-0 16. Be3 Rh5 17. f3 Nd5 18. axb5 axb5 19. Nd2 Qf6 20. Ne4 Nxe3+ 21. Qxe3 Qxb2 22. Rfb1 Qe5 23. Qc3 Qxc3 24. Nxc3 Re5 25. Rxb5 Re3 26. Rc1 Rc8 27. Rb3 h5 28. Kf2 Re5 29. Na2 Rxc1 30. Nxc1 Nc5 31. Rb8+ Kh7 32. e4 f5 33. exf5 exf5 34. Rc8 h4 35. Na2 Nd3+ 36. Kg2 Re2+ 37. Kh3 Rxa2 38. gxh4 Nf4+ 39. Kg3 Ng6 40. h5 Ne5 41. Rc5 Nf7 42. Rxf5 Nh6 43. Rb5 Rc2 44. h4 Rc6 45. Rg5 Rf6 46. Kf2 Rf5 47. Kg3 Rf7 48. Kf2 Rf6 49. Kg3 Nf5+ 50. Kg4 Ne3+ 51. Kg3 Kh6 52. Re5 Nf5+ 53. Kg4 Nd6 54. Rg5 Nf7 55. Re5 Nd8 56. Rg5 Nc6 57. f4 Nd4 58. f5 Ne2 59. Kf3 Nc3 60. Kf4 Nd5+ 61. Ke5 Ne3 62. Rg6+ Rxg6 63. hxg6 Ng4+ 64. Ke6 Nf6 65. Kf7 Nh5 66. Ke6 Nf6 67. Kf7 Nh5 68. Ke6 Ng3 69. f6 gxf6 70. Kxf6 Nh5+ 71. Kf7 Ng7 72. Kf6 Nh5+ 73. Kf7 Ng7 74. h5 Nxh5 75. g7 Nxg7 1/2-1/2

[Event "Titled Tuesday intern op 27th Feb Late"]
[Site "Chess.com INT"]
[Date "2024.02.27"]
[Round "6"]
[White "Kanyamarala, Trisha"]
[Black "Prieto Aranguren, Alain"]
[Result "1-0"]
[WhiteElo "2243"]
[BlackElo "2171"]
[PlyCount "77"]
[EventDate "2024.02.27"]
[EventType "swiss (blitz)"]
[EventRounds "11"]
[EventCountry "USA"]
[SourceTitle "CB10_2024"]
[SourceDate "2024.03.06"]
[SourceVersion "1"]
[SourceVersionDate "2024.03.06"]
[SourceQuality "1"]

1. c4 e6 2. Nc3 d5 3. e3 Nf6 4. Nf3 Be7 5. d4 0-0 6. Be2 c5 7. cxd5 cxd4 8. Nxd4 exd5 9. 0-0 Nc6 10. b3 Nxd4 11. Qxd4 Be6 12. Bb2 Rc8 13. Rfd1 Bc5 14. Qd3 Qe7 15. Bf3 Rfd8 16. Nb5 a6 17. Nd4 Ba3 18. Bc3 Qc5 19. Nxe6 fxe6 20. Bxf6 gxf6 21. Bg4 f5 22. Bf3 Qc2 23. Qf1 Rc5 24. Be2 Rdc8 25. Bd3 Qb2 26. Rab1 Qf6 27. Qe2 Rc3 28. Qf3 R8c7 29. h3 Bd6 30. Qe2 Qe5 31. Qh5 Rf7 32. g3 Bc5 33. Rbc1 Rxc1 34. Rxc1 Bxe3 35. Rc8+ Kg7 36. fxe3 Qxe3+ 37. Kg2 Qd2+ 38. Qe2 Qc3 39. Rxc3 1-0

[Event "Titled Tuesday intern op 27th Feb Late"]
[Site "Chess.com INT"]
[Date "2024.02.27"]
[Round "2"]
[White "Prieto Aranguren, Alain"]
[Black "Machidon, Cristi"]
[Result "1-0"]
[WhiteElo "2171"]
[BlackElo "2281"]
[PlyCount "103"]
[EventDate "2024.02.27"]
[EventType "swiss (blitz)"]
[EventRounds "11"]
[EventCountry "USA"]
[SourceTitle "CB10_2024"]
[SourceDate "2024.03.06"]
[SourceVersion "1"]
[SourceVersionDate "2024.03.06"]
[SourceQuality "1"]

1. e4 c6 2. d4 d5 3. exd5 cxd5 4. Nf3 Nc6 5. c3 Bf5 6. Bb5 f6 7. 0-0 e6 8. Re1 Bd6 9. Nh4 Bxb1 10. Rxb1 Qd7 11. Qg4 Kf7 12. c4 Nge7 13. c5 Bc7 14. g3 h5 15. Qh3 Rad8 16. Ng2 a6 17. Ba4 e5 18. Qxd7 Rxd7 19. dxe5 fxe5 20. b4 a5 21. b5 Nd4 22. b6 Nf3+ 23. Kh1 Nxe1 24. Bxd7 Nxg2 25. bxc7 Ne1 26. Rxb7 Nd3 27. Bg5 Nxc5 28. Bxe7 Nxd7 29. Bd6 Ke6 30. Rb8 Nxb8 31. cxb8Q Rxb8 32. Bxb8 d4 33. Kg1 Kd5 34. Kf1 e4 35. Ke1 Kc4 36. Kd2 g5 37. Bc7 a4 38. Bd8 g4 39. Bf6 Kd5 40. Ke2 Kc4 41. Kd2 Kd5 42. Kc2 Kc4 43. Bg5 Kb4 44. Bd2+ Kc4 45. Ba5 Kd5 46. Be1 Kc4 47. a3 e3 48. fxe3 dxe3 49. Bb4 Kd4 50. Kd1 Kd3 51. Ke1 Kd4 52. Ke2 1-0

[Event "Titled Tuesday intern op 27th Feb Late"]
[Site "Chess.com INT"]
[Date "2024.02.27"]
[Round "1"]
[White "Prieto Aranguren, Alain"]
[Black "Ranaldi, Lucas"]
[Result "0-1"]
[WhiteElo "2171"]
[BlackElo "2362"]
[PlyCount "92"]
[EventDate "2024.02.27"]
[EventType "swiss (blitz)"]
[EventRounds "11"]
[EventCountry "USA"]
[SourceTitle "CB10_2024"]
[SourceDate "2024.03.06"]
[SourceVersion "1"]
[SourceVersionDate "2024.03.06"]
[SourceQuality "1"]

1. e4 c6 2. d4 d5 3. exd5 cxd5 4. Nf3 Nc6 5. Bb5 Bg4 6. 0-0 Nf6 7. c3 Rc8 8. Nbd2 e6 9. Qa4 Bxf3 10. Nxf3 Qb6 11. Bd3 Bd6 12. Re1 0-0 13. Ne5 Qc7 14. Nxc6 bxc6 15. h3 h6 16. Be3 c5 17. dxc5 Bxc5 18. Bxc5 Qxc5 19. Rac1 Rb8 20. Qc2 Rfc8 21. Qe2 Qb6 22. b3 Rc7 23. c4 Rbc8 24. Rcd1 d4 25. Qf3 Qc5 26. Qg3 Rd7 27. Re5 Qd6 28. Rde1 Qa3 29. R1e2 Qc1+ 30. Kh2 Rcd8 31. Rc2 Qa3 32. c5 Rc8 33. c6 Rdc7 34. Rec5 Nd5 35. Qf3 Nb4 36. R2c4 Nxa2 37. Qe4 g6 38. h4 Nb4 39. h5 Nxd3 40. hxg6 Nxc5 41. gxf7+ Rxf7 42. Qg6+ Rg7 43. Qh5 Ne4 44. Qh3 Qd6+ 45. g3 Ng5 46. Qh5 Qd5 0-1

[Event "Titled Tuesday intern op 13th Feb Late"]
[Site "Chess.com INT"]
[Date "2024.02.13"]
[Round "11"]
[White "Andrews, Todd D"]
[Black "Prieto Aranguren, Alain"]
[Result "1-0"]
[WhiteElo "2135"]
[BlackElo "2171"]
[PlyCount "47"]
[EventDate "2024.02.13"]
[EventType "swiss (blitz)"]
[EventRounds "11"]
[EventCountry "USA"]
[SourceTitle "CB08_2024"]
[SourceDate "2024.02.21"]
[SourceVersion "1"]
[SourceVersionDate "2024.02.21"]
[SourceQuality "1"]

1. d4 d5 2. c4 e6 3. Nc3 Nf6 4. Nf3 c6 5. e3 Nbd7 6. Bd3 dxc4 7. Bxc4 b5 8. Bd3 a6 9. 0-0 c5 10. Qe2 cxd4 11. exd4 Be7 12. Re1 Bb7 13. Bg5 0-0 14. Rad1 Nb6 15. Bb1 Nbd5 16. Ne5 Rc8 17. Qd3 g6 18. Qh3 Nxc3 19. bxc3 Nd5 20. Bh6 Rxc3 21. f3 Re8 22. Nxf7 Nf4 23. Bxf4 Kxf7 24. Qxh7+ 1-0

[Event "Titled Tuesday intern op 13th Feb Late"]
[Site "Chess.com INT"]
[Date "2024.02.13"]
[Round "3"]
[White "Hajiyev, Kanan"]
[Black "Prieto Aranguren, Alain"]
[Result "0-1"]
[WhiteElo "2081"]
[BlackElo "2171"]
[PlyCount "90"]
[EventDate "2024.02.13"]
[EventType "swiss (blitz)"]
[EventRounds "11"]
[EventCountry "USA"]
[SourceTitle "CB08_2024"]
[SourceDate "2024.02.21"]
[SourceVersion "1"]
[SourceVersionDate "2024.02.21"]
[SourceQuality "1"]

1. d4 d5 2. c4 e6 3. cxd5 exd5 4. Nc3 Nf6 5. Qc2 Be7 6. Bg5 0-0 7. e3 Re8 8. Bd3 h6 9. Bf4 c5 10. dxc5 Nc6 11. Nf3 d4 12. Nb5 Nb4 13. Qe2 dxe3 14. 0-0-0 Nxd3+ 15. Rxd3 Qa5 16. Ra3 Qb4 17. Bd6 Bd7 18. Rb3 Bxb5 19. Qxb5 Qxb5 20. Rxb5 Bxd6 21. cxd6 exf2 22. Rf1 Re2 23. Rc5 Rae8 24. Kd1 Rxb2 25. Nd2 Rxd2+ 26. Kxd2 Ne4+ 27. Kd3 Nxc5+ 28. Kd4 b6 29. Rxf2 Rd8 30. Kd5 Kf8 31. Kc6 Rc8+ 32. Kd5 Ke8 33. Re2+ Ne6 34. a4 Rc5+ 35. Ke4 Kd7 36. Rf2 Kxd6 37. h4 Rc4+ 38. Kd3 Rf4 39. Rc2 Rxa4 40. g3 Rg4 41. Rc8 Rxg3+ 42. Ke4 Rg4+ 43. Kf5 Rd4 44. Ra8 a5 45. h5 Rf4# 0-1

[Event "Titled Tuesday intern op 06th Feb Late"]
[Site "Chess.com INT"]
[Date "2024.02.06"]
[Round "5"]
[White "Prieto Aranguren, Alain"]
[Black "Esquivias Quintero, Luis Manuel"]
[Result "1/2-1/2"]
[WhiteElo "2171"]
[BlackElo "2278"]
[PlyCount "117"]
[EventDate "2024.02.06"]
[EventType "swiss (blitz)"]
[EventRounds "11"]
[EventCountry "USA"]
[SourceTitle "CB07_2024"]
[SourceDate "2024.02.14"]
[SourceVersion "1"]
[SourceVersionDate "2024.02.14"]
[SourceQuality "1"]

1. e4 c5 2. d3 e6 3. g3 Nc6 4. Bg2 d5 5. Ne2 dxe4 6. Bxe4 Nf6 7. Bg2 Be7 8. Nbc3 a6 9. 0-0 0-0 10. Be3 Nd4 11. Qd2 Rb8 12. Ne4 Nxe4 13. dxe4 Nxe2+ 14. Qxe2 e5 15. Rfd1 Qc7 16. Rd2 Be6 17. a3 Rbd8 18. Rad1 b5 19. Rxd8 Rxd8 20. Rxd8+ Qxd8 21. Qd2 Qxd2 22. Bxd2 h6 23. Bf1 Kf8 24. a4 c4 25. a5 Bc5 26. Kg2 Ke7 27. f4 exf4 28. gxf4 f5 29. e5 Bd5+ 30. Kg3 Be4 31. c3 Ke6 32. Bg2 Bxg2 33. Kxg2 Kd5 34. Kf3 Be7 35. Be3 g5 36. Bb6 g4+ 37. Ke3 h5 38. Kf2 h4 39. Kg2 Bc5 40. Bc7 Ke4 41. Bd6 Kd5 42. Bc7 Be7 43. Bb8 Ke4 44. Bd6 Bd8 45. e6 Ke3 46. e7 Bxe7 47. Bxe7 Kxf4 48. Bxh4 Ke3 49. Bg5+ f4 50. Bh6 Ke4 51. Kf2 Kf5 52. Bf8 Ke4 53. Bc5 Kd3 54. Bd6 Ke4 55. Bc7 Kf5 56. Bb6 Ke4 57. Bc5 Kf5 58. Bb4 Ke4 59. Bc5 1/2-1/2

[Event "Titled Tuesday intern op 06th Feb Late"]
[Site "Chess.com INT"]
[Date "2024.02.06"]
[Round "3"]
[White "Prieto Aranguren, Alain"]
[Black "Michalski, Olaf"]
[Result "1-0"]
[WhiteElo "2171"]
[BlackElo "2251"]
[PlyCount "83"]
[EventDate "2024.02.06"]
[EventType "swiss (blitz)"]
[EventRounds "11"]
[EventCountry "USA"]
[SourceTitle "CB07_2024"]
[SourceDate "2024.02.14"]
[SourceVersion "1"]
[SourceVersionDate "2024.02.14"]
[SourceQuality "1"]

1. e4 c5 2. Nf3 a6 3. c3 e6 4. d4 d5 5. e5 Bd7 6. Bd3 Bb5 7. Bxb5+ axb5 8. 0-0 Nc6 9. a3 b4 10. Be3 c4 11. Ng5 h6 12. Qh5 g6 13. Qh3 Bg7 14. Nf3 Nge7 15. Nfd2 Nf5 16. g4 Nh4 17. Qg3 h5 18. h3 hxg4 19. hxg4 g5 20. Nf3 Nxf3+ 21. Qxf3 f6 22. exf6 Qxf6 23. Qxf6 Bxf6 24. Nd2 bxc3 25. bxc3 Kd7 26. Nf3 Kc7 27. Rfb1 Rag8 28. Kf1 Na5 29. Ke2 Nb3 30. Ra2 Be7 31. Nd2 Na5 32. Rab2 Ra8 33. Nf3 Rhg8 34. Ne5 Bxa3 35. Rb5 Nb3 36. Rh1 Rg7 37. Rh6 Bd6 38. Rxe6 Ra2+ 39. Kf3 Bxe5 40. Rxe5 Rf7+ 41. Kg3 Kc6 42. Rbxd5 1-0

[Event "Titled Tuesday intern op 06th Feb Late"]
[Site "Chess.com INT"]
[Date "2024.02.06"]
[Round "2"]
[White "Yagupov, Igor"]
[Black "Prieto Aranguren, Alain"]
[Result "1-0"]
[WhiteElo "2290"]
[BlackElo "2171"]
[PlyCount "45"]
[EventDate "2024.02.06"]
[EventType "swiss (blitz)"]
[EventRounds "11"]
[EventCountry "USA"]
[SourceTitle "CB07_2024"]
[SourceDate "2024.02.14"]
[SourceVersion "1"]
[SourceVersionDate "2024.02.14"]
[SourceQuality "1"]

1. Nf3 Nf6 2. c4 e6 3. Nc3 d5 4. d4 Be7 5. Bf4 0-0 6. e3 c5 7. dxc5 Bxc5 8. cxd5 Nxd5 9. Nxd5 exd5 10. a3 Nc6 11. Bd3 Bg4 12. Bxh7+ Kxh7 13. Qc2+ Kg8 14. Ng5 g6 15. Qxc5 d4 16. 0-0 dxe3 17. Bxe3 Qa5 18. Ne4 Qxc5 19. Bxc5 Be2 20. Rfe1 Bd3 21. Bxf8 Kxf8 22. Rad1 Rd8 23. Nc5 1-0

[Event "Titled Tuesday intern op 23rd Jan Late"]
[Site "Chess.com INT"]
[Date "2024.01.23"]
[Round "8"]
[White "Prieto Aranguren, Alain"]
[Black "Kalavannan, Koby"]
[Result "0-1"]
[WhiteElo "2160"]
[BlackElo "2324"]
[PlyCount "62"]
[EventDate "2024.01.23"]
[EventType "swiss (blitz)"]
[EventRounds "11"]
[EventCountry "USA"]
[SourceTitle "CB05_2024"]
[SourceDate "2024.01.31"]
[SourceVersion "1"]
[SourceVersionDate "2024.01.31"]
[SourceQuality "1"]

1. d4 Nf6 2. c4 g6 3. Nc3 Bg7 4. e4 d6 5. Be2 0-0 6. Nf3 e5 7. dxe5 dxe5 8. Qxd8 Rxd8 9. Nd5 Nxd5 10. cxd5 c6 11. Bc4 b5 12. Bb3 Bb7 13. dxc6 Nxc6 14. Bg5 Rd7 15. 0-0 Nd4 16. Nxd4 exd4 17. Rfe1 a5 18. e5 Bd5 19. Bxd5 Rxd5 20. Bf6 Bh6 21. Rad1 d3 22. g3 Rc8 23. f4 d2 24. Rf1 Rc2 25. a4 bxa4 26. Kf2 Bf8 27. Ke2 Rxb2 28. h4 a3 29. h5 a2 30. hxg6 fxg6 31. g4 a1Q 0-1

[Event "Titled Tuesday intern op 16th Jan Early"]
[Site "Chess.com INT"]
[Date "2024.01.16"]
[Round "2"]
[White "Hamitevici, Vladimir"]
[Black "Prieto Aranguren, Alain"]
[Result "1-0"]
[WhiteElo "2472"]
[BlackElo "2160"]
[PlyCount "47"]
[EventDate "2024.01.16"]
[EventType "swiss (blitz)"]
[EventRounds "11"]
[EventCountry "USA"]
[SourceTitle "CB04_2024"]
[SourceDate "2023.10.16"]
[SourceVersion "1"]
[SourceVersionDate "2023.10.16"]
[SourceQuality "1"]

1. c3 e5 2. d4 exd4 3. cxd4 d5 4. Nf3 Nf6 5. Bg5 Bg4 6. Qb3 Bxf3 7. gxf3 Nbd7 8. Nc3 c6 9. Qxb7 Rb8 10. Qxc6 Rxb2 11. Bh3 Bb4 12. Bxf6 gxf6 13. 0-0 Bxc3 14. Qxc3 Rxe2 15. Rfe1 Rxe1+ 16. Rxe1+ Kf8 17. Qa3+ Kg7 18. Qxa7 Nb6 19. Re7 Rf8 20. Be6 Kh6 21. Rxf7 Rxf7 22. Qxf7 Kg5 23. Qg7+ Kh5 24. Bf7+ 1-0

[Event "Titled Tuesday intern op 16th Jan Late"]
[Site "Chess.com INT"]
[Date "2024.01.16"]
[Round "4"]
[White "Prieto Aranguren, Alain"]
[Black "Cunha, Lucas Aguiar"]
[Result "0-1"]
[WhiteElo "2160"]
[BlackElo "2230"]
[PlyCount "112"]
[EventDate "2024.01.16"]
[EventType "swiss (blitz)"]
[EventRounds "11"]
[EventCountry "USA"]
[SourceTitle "CB04_2024"]
[SourceDate "2023.10.16"]
[SourceVersion "1"]
[SourceVersionDate "2023.10.16"]
[SourceQuality "1"]

1. e4 c5 2. c3 g6 3. d4 cxd4 4. cxd4 d5 5. exd5 Nf6 6. Nc3 Nxd5 7. Qb3 Nxc3 8. bxc3 Bg7 9. Nf3 0-0 10. Be2 Nc6 11. 0-0 b6 12. Nd2 Bb7 13. Bf3 Rc8 14. Qa3 Qd7 15. Re1 e5 16. d5 Na5 17. c4 e4 18. Nxe4 Bxa1 19. Bb2 Bxb2 20. Qxb2 f5 21. Nf6+ Rxf6 22. Qxf6 Re8 23. Re6 Nxc4 24. h4 Nd2 25. h5 Nxf3+ 26. gxf3 Bxd5 27. Rd6 Qf7 28. Qd4 Bxf3 29. Rd7 Qf8 30. Qc4+ Kh8 31. Qc3+ Kg8 32. Qxf3 Qf6 33. Qd5+ Qe6 34. Qd4 Qe1+ 35. Kh2 Qe5+ 36. Qxe5 Rxe5 37. h6 Ra5 38. Rg7+ Kf8 39. Rxh7 Rxa2 40. Rb7 Rxf2+ 41. Kg3 Rf1 42. Kg2 Rf4 43. Kh3 g5 44. Rxa7 Rh4+ 45. Kg3 Rxh6 46. Rb7 Re6 47. Kf3 Rc6 48. Kg3 Rc3+ 49. Kf2 Rb3 50. Kg2 g4 51. Kf2 f4 52. Kg2 Rb2+ 53. Kf1 g3 54. Rh7 f3 55. Ke1 g2 56. Rh6 g1Q# 0-1

[Event "Titled Tuesday intern op 16th Jan Early"]
[Site "Chess.com INT"]
[Date "2024.01.16"]
[Round "3"]
[White "Prieto Aranguren, Alain"]
[Black "Kokoszczynski, Jan"]
[Result "0-1"]
[WhiteElo "2160"]
[BlackElo "2250"]
[PlyCount "112"]
[EventDate "2024.01.16"]
[EventType "swiss (blitz)"]
[EventRounds "11"]
[EventCountry "USA"]
[SourceTitle "CB04_2024"]
[SourceDate "2023.10.16"]
[SourceVersion "1"]
[SourceVersionDate "2023.10.16"]
[SourceQuality "1"]

1. d4 Nf6 2. c4 g6 3. Nc3 Bg7 4. e4 d6 5. Be2 0-0 6. Nf3 e5 7. dxe5 dxe5 8. Qxd8 Rxd8 9. Bg5 Re8 10. Nd5 Nxd5 11. cxd5 c6 12. Bc4 b5 13. Bb3 a5 14. a4 Bb7 15. axb5 cxb5 16. 0-0 Bf8 17. Rfc1 Bd6 18. Bc2 Nd7 19. Bd3 Nc5 20. Bxb5 Reb8 21. Bc4 Nxe4 22. Be3 Bc8 23. b3 Bd7 24. Nd2 Nxd2 25. Bxd2 Bb4 26. Bg5 Rc8 27. Bf6 Bd6 28. Re1 a4 29. h3 axb3 30. Rxa8 Rxa8 31. Bxb3 Re8 32. f3 Bc5+ 33. Kh2 Bd6 34. Kg1 Rb8 35. Bc4 Re8 36. Bd3 h6 37. Be4 Rb8 38. Rb1 Rxb1+ 39. Bxb1 Bb5 40. Be4 Bc4 41. Kf2 Kf8 42. Ke3 Ke8 43. Kd2 Kd7 44. Kc3 Bf1 45. g4 Bxh3 46. Bg7 f5 47. gxf5 gxf5 48. Bd3 h5 49. Kc4 Bg2 50. Bxf5+ Ke7 51. Bh6 Bxf3 52. Bg6 Kf6 53. Be8 h4 54. Be3 h3 55. Bg1 e4 56. Kb5 h2 0-1